[Event "SVK-chT2A 1920"]
[Site "Slovakia"]
[Date "2020.02.16"]
[Round "9.1"]
[White "Jablonicky, Martin"]
[Black "Kucharek, Jaroslav"]
[Result "1-0"]
[WhiteElo "2273"]
[BlackElo "2059"]
[PlyCount "73"]
[EventDate "2019.10.26"]
[EventType "team-tourn"]
[EventRounds "11"]
[EventCountry "SVK"]
[SourceTitle "CBM 195 Extra"]
[Source "ChessBase"]
[SourceDate "2020.05.31"]
[SourceVersion "1"]
[SourceVersionDate "2020.05.31"]
[SourceQuality "1"]
[WhiteTeam "Trnava Sered"]
[BlackTeam "Skalica"]
[WhiteTeamCountry "SVK"]
[BlackTeamCountry "SVK"]

1. e4 e5 2. Nf3 Nc6 3. Bb5 a6 4. Ba4 Nf6 5. 0-0 Be7 6. Re1 b5 7. Bb3 d6 8. c3 0-0 9. h3 Nd7 10. d4 Bf6 11. a4 Rb8 12. axb5 axb5 13. d5 Ne7 14. Nbd2 c5 15. dxc6 Nxc6 16. Nf1 Nc5 17. Bd5 Ne7 18. Ne3 Bb7 19. Bxb7 Rxb7 20. Nd5 Nxd5 21. Qxd5 Qb8 22. Be3 Ne6 23. Ra2 b4 24. c4 b3 25. Ra3 Nf4 26. Qd2 Qc8 27. Qc3 Rc7 28. Nd2 d5 29. exd5 Nxd5 30. Qxb3 Rb7 31. Qc2 Nb4 32. Qe4 Rd8 33. c5 Nd5 34. Nc4 Nxe3 35. Nd6 Rxd6 36. cxd6 Nf5 37. Qxf5 1-0

[Event "SVK-chT2A 1920"]
[Site "Slovakia"]
[Date "2020.02.15"]
[Round "8.5"]
[White "Kucharek, Jaroslav"]
[Black "Pozsar, Peter"]
[Result "1/2-1/2"]
[WhiteElo "2059"]
[BlackElo "1846"]
[PlyCount "107"]
[EventDate "2019.10.26"]
[EventType "team-tourn"]
[EventRounds "11"]
[EventCountry "SVK"]
[SourceTitle "CBM 195 Extra"]
[Source "ChessBase"]
[SourceDate "2020.05.31"]
[SourceVersion "1"]
[SourceVersionDate "2020.05.31"]
[SourceQuality "1"]
[WhiteTeam "Skalica"]
[BlackTeam "Senec"]
[WhiteTeamCountry "SVK"]
[BlackTeamCountry "SVK"]

1. e4 e5 2. Nf3 Nc6 3. Bb5 a6 4. Ba4 f5 5. d4 fxe4 6. Bxc6 dxc6 7. Nxe5 Nf6 8. 0-0 Bd6 9. Nc3 0-0 10. Bg5 Bf5 11. Qe2 Qe8 12. Bxf6 gxf6 13. Nc4 Qg6 14. Qe3 Rae8 15. Nxd6 cxd6 16. Ne2 Bc8 17. a4 Rf7 18. Nf4 Qg5 19. Rfe1 Rg7 20. Kf1 Qh4 21. h3 Kh8 22. a5 d5 23. Red1 Reg8 24. Ra3 Rg5 25. Rb3 Qh6 26. Ke1 Qf8 27. g3 Qd8 28. Rb6 Qc7 29. Kd2 Rd8 30. Kc1 Rd6 31. Qa3 Rg8 32. Qe3 Rdd8 33. b3 Qe7 34. Kb2 Bf5 35. c3 Rd7 36. Rg1 Rc8 37. c4 dxc4 38. bxc4 Rcd8 39. Rd1 Rxd4 40. Rxd4 Qe5 41. Ne2 c5 42. f4 cxd4 43. fxe5 dxe3 44. Rd6 Rxd6 45. exd6 Bxh3 46. Kc3 Bd7 47. Kd4 f5 48. Ke5 Kg7 49. Nf4 Kf7 50. Ne2 Be6 51. Kd4 Ke8 52. c5 Kd7 53. Kxe3 Kc6 54. Nd4+ 1/2-1/2

[Event "SVK-chT2A 1920"]
[Site "Slovakia"]
[Date "2019.11.17"]
[Round "4.1"]
[White "Kucharek, Jaroslav"]
[Black "Sobek, Michal"]
[Result "1/2-1/2"]
[WhiteElo "2042"]
[BlackElo "2085"]
[PlyCount "64"]
[EventDate "2019.10.26"]
[EventType "team-tourn"]
[EventRounds "11"]
[EventCountry "SVK"]
[SourceTitle "CBM 193 Extra"]
[Source "ChessBase"]
[SourceDate "2020.01.31"]
[SourceVersion "1"]
[SourceVersionDate "2020.01.31"]
[SourceQuality "1"]
[WhiteTeam "Skalica"]
[BlackTeam "Modra II"]
[WhiteTeamCountry "SVK"]
[BlackTeamCountry "SVK"]

1. c4 Nf6 2. Nc3 c5 3. e4 d6 4. Nf3 Nc6 5. d4 cxd4 6. Nxd4 g6 7. Be2 Bg7 8. Be3 0-0 9. Qd2 Nxd4 10. Bxd4 Nd7 11. Bxg7 Kxg7 12. Bg4 Ne5 13. Bxc8 Qxc8 14. b3 Qg4 15. f4 Qh4+ 16. Kf1 Ng4 17. g3 Qh3+ 18. Kg1 Rae8 19. Nd5 e5 20. f5 gxf5 21. Qg5+ Kh8 22. Qxf5 Re6 23. Ne3 Rg6 24. Nxg4 Qxg4 25. Qxg4 Rxg4 26. Re1 f5 27. exf5 Rxf5 28. Kg2 Rf6 29. h3 Rd4 30. Rd1 Re4 31. Rde1 Rd4 32. Rd1 Re4 1/2-1/2

[Event "SVK-chT2A 1920"]
[Site "Slovakia"]
[Date "2019.10.27"]
[Round "2.6"]
[White "Kucharek, Jaroslav"]
[Black "Mandak, Miroslav"]
[Result "1/2-1/2"]
[WhiteElo "2050"]
[BlackElo "1917"]
[PlyCount "110"]
[EventDate "2019.10.26"]
[EventType "team-tourn"]
[EventRounds "11"]
[EventCountry "SVK"]
[SourceTitle "CBM 193 Extra"]
[Source "ChessBase"]
[SourceDate "2020.01.31"]
[SourceVersion "1"]
[SourceVersionDate "2020.01.31"]
[SourceQuality "1"]
[WhiteTeam "Skalica"]
[BlackTeam "Krasnany"]
[WhiteTeamCountry "SVK"]
[BlackTeamCountry "SVK"]

1. c4 e5 2. Nc3 Nf6 3. g3 d5 4. cxd5 Nxd5 5. Bg2 Nb6 6. Nf3 Nc6 7. 0-0 Be7 8. d3 0-0 9. Be3 Be6 10. Na4 Nd5 11. Bc5 Bd6 12. Rc1 Qe7 13. a3 Rac8 14. Nd2 b6 15. e4 Nf6 16. Be3 Nd8 17. h3 Ne8 18. f4 f6 19. Nf3 c5 20. Nh4 Nc6 21. Nc3 Nd4 22. Bxd4 cxd4 23. Nd5 Qd8 24. Qb3 Kh8 25. fxe5 Bxe5 26. Nf5 g6 27. Rxc8 Qxc8 28. Nfe7 Qd7 29. Qc2 Bxg3 30. Nc6 Bxh3 31. Nxd4 Bxg2 32. Qxg2 Bd6 33. b4 Kg7 34. Kh1 Bb8 35. Rf3 Nd6 36. Nf4 Rf7 37. Nh5+ Kh8 38. Nxf6 Qe7 39. Qf2 Qc7 40. e5 Nf5 41. Nxf5 gxf5 42. Rxf5 Qc1+ 43. Kg2 Rg7+ 44. Kf3 Qh1+ 45. Ke3 Qc1+ 46. Ke4 Qc6+ 47. Kd4 b5 48. Nd5 Rg4+ 49. Rf4 Qe6 50. Qe3 a5 51. Qe4 Ba7+ 52. Kc3 Qc6+ 53. Kd2 Qh6 54. Kc3 Qc6+ 55. Kd2 Qh6 1/2-1/2

[Event "SVK-chT3A2 1819"]
[Site "Slovakia"]
[Date "2019.03.10"]
[Round "10.6"]
[White "Kucharek, Jaroslav"]
[Black "Sebesta, Radovan"]
[Result "1/2-1/2"]
[WhiteElo "2048"]
[BlackElo "1999"]
[PlyCount "51"]
[EventDate "2018.10.07"]
[EventType "team-tourn"]
[EventRounds "11"]
[EventCountry "SVK"]
[SourceTitle "EXT 2020"]
[Source "ChessBase"]
[SourceDate "2019.10.17"]
[SourceVersion "1"]
[SourceVersionDate "2019.10.17"]
[SourceQuality "1"]
[WhiteTeam "Skalica II"]
[BlackTeam "Senica SK"]
[WhiteTeamCountry "SVK"]
[BlackTeamCountry "SVK"]

1. d4 Nf6 2. c4 e6 3. g3 d5 4. Bg2 Be7 5. Nf3 0-0 6. 0-0 Nbd7 7. Nc3 c6 8. Nd2 Re8 9. e4 dxe4 10. Ndxe4 Nxe4 11. Bxe4 Nf6 12. Bg2 Qc7 13. Bf4 Bd6 14. Bg5 Be7 15. Rc1 h6 16. Bxf6 Bxf6 17. Ne4 Be7 18. d5 Rd8 19. Qb3 c5 20. Rfd1 Qb6 21. Rd3 Bd7 22. Qd1 Rab8 23. Nc3 Bf6 24. b3 Qa5 25. Ne4 Bd4 26. a4 1/2-1/2

[Event "SVK-chT3A2 1718"]
[Site "Slovakia"]
[Date "2017.11.05"]
[Round "3.1"]
[White "Kucharek, Jaroslav"]
[Black "Bango, Lukas"]
[Result "1/2-1/2"]
[WhiteElo "2067"]
[BlackElo "2111"]
[PlyCount "125"]
[EventDate "2017.10.08"]
[EventType "team-tourn"]
[EventRounds "11"]
[EventCountry "SVK"]
[SourceTitle "EXT 2020"]
[Source "ChessBase"]
[SourceDate "2019.10.17"]
[SourceVersion "1"]
[SourceVersionDate "2019.10.17"]
[SourceQuality "1"]
[WhiteTeam "Skalica"]
[BlackTeam "Modranka Komplet"]
[WhiteTeamCountry "SVK"]
[BlackTeamCountry "SVK"]

1. d4 Nf6 2. c4 e6 3. g3 Bb4+ 4. Bd2 a5 5. Bg2 0-0 6. Nf3 d6 7. 0-0 Bxd2 8. Nbxd2 Qe7 9. e4 e5 10. d5 Na6 11. b3 Bd7 12. Qe2 Rfb8 13. a4 c6 14. dxc6 bxc6 15. Ne1 Nc5 16. Rb1 Bg4 17. Qe3 Ra6 18. h3 Bh5 19. Nc2 Bg6 20. Na1 d5 21. cxd5 cxd5 22. exd5 Bxb1 23. Rxb1 e4 24. Rc1 Nd3 25. Rc4 Nxd5 26. Qxe4 Qxe4 27. Bxe4 N5b4 28. Nc2 Nxc2 29. Bxd3 Rd6 30. Bxc2 Rxd2 31. Kg2 g6 32. Kf3 Re8 33. Be4 f5 34. Bc6 Ree2 35. b4 Rxf2+ 36. Ke3 axb4 37. Rxb4 Rde2+ 38. Kd3 Rd2+ 39. Kc4 Ra2 40. Kb5 Kf8 41. Kb6 Rfb2 42. Rxb2 Rxb2+ 43. Bb5 Rb3 44. a5 Rxg3 45. a6 Ra3 46. a7 Rxa7 47. Kxa7 Ke7 48. Kb6 Kd6 49. Bc6 g5 50. Bf3 Ke5 51. Kc5 Kf4 52. Bd5 Kg3 53. Kd4 f4 54. Be6 f3 55. Ke3 f2 56. Bc4 Kg2 57. Bd5+ Kg1 58. Bc4 f1Q 59. Bxf1 Kxf1 60. Ke4 Kg2 61. Kf5 h6 62. Kg4 Kh2 63. h4 1/2-1/2

[Event "SVK-chT3A2 1718"]
[Site "Slovakia"]
[Date "2017.10.22"]
[Round "2.1"]
[White "Kucharek, Jaroslav"]
[Black "Merva, Frantisek"]
[Result "0-1"]
[WhiteElo "2067"]
[BlackElo "2069"]
[PlyCount "192"]
[EventDate "2017.10.08"]
[EventType "team-tourn"]
[EventRounds "11"]
[EventCountry "SVK"]
[SourceTitle "EXT 2020"]
[Source "ChessBase"]
[SourceDate "2019.10.17"]
[SourceVersion "1"]
[SourceVersionDate "2019.10.17"]
[SourceQuality "1"]
[WhiteTeam "Skalica"]
[BlackTeam "Potonska Veza II"]
[WhiteTeamCountry "SVK"]
[BlackTeamCountry "SVK"]

1. d4 d5 2. Nf3 Nf6 3. c4 c6 4. cxd5 cxd5 5. Nc3 Nc6 6. Bf4 a6 7. e3 Bf5 8. Be2 e6 9. 0-0 h6 10. Rc1 Bd6 11. Bxd6 Qxd6 12. Na4 0-0 13. a3 Bg4 14. b4 Bxf3 15. Bxf3 Nd7 16. Qb3 b5 17. Nc5 Nb6 18. Be2 Nc4 19. Bxc4 bxc4 20. Qc3 Rfb8 21. Rb1 Rb5 22. a4 Rb6 23. Rb2 Nb8 24. Rfb1 Nd7 25. h3 Rab8 26. Qa3 Rc8 27. Qc3 f5 28. f4 Nf6 29. Kh1 Ne4 30. Nxe4 fxe4 31. a5 Rb5 32. g3 Rcb8 33. Kg2 Qf8 34. Kh2 Qf7 35. Kg2 R8b7 36. Rf1 Qf5 37. Rfb1 Qh5 38. Rf1 Rb8 39. Qd2 Rc8 40. Qc3 Rc7 41. Rbf2 Rf7 42. Rb2 g5 43. g4 Qh4 44. Rff2 gxf4 45. Rxf4 Rxf4 46. exf4 Qe7 47. Rb1 Qf8 48. Kg3 Rb7 49. Rb2 h5 50. Qd2 hxg4 51. hxg4 Qh6 52. g5 Qh5 53. Qe2 Qxe2 54. Rxe2 Rxb4 55. f5 exf5 56. Kf4 c3 57. Rc2 Rc4 58. Kxf5 e3 59. g6 Rxd4 60. Rxc3 e2 61. Rc8+ Kg7 62. Rc7+ Kf8 63. Rc8+ Ke7 64. g7 e1Q 65. Re8+ Kxe8 66. g8Q+ Kd7 67. Qg7+ Kd6 68. Qxd4 Qxa5 69. Qe5+ Kc5 70. Qe7+ Kb5 71. Qe8+ Kc4 72. Qe2+ Kd4 73. Qd1+ Ke3 74. Qg1+ Ke2 75. Qg2+ Ke3 76. Qg3+ Kd2 77. Qf2+ Kc1 78. Qf1+ Kc2 79. Qe2+ Qd2 80. Qe8 Qd3+ 81. Kf6 d4 82. Qa4+ Qb3 83. Qxa6 d3 84. Kg5 d2 85. Qc6+ Kb1 86. Qe4+ Kc1 87. Qf4 Qc3 88. Kg4 Kb2 89. Qa4 Kc1 90. Qf4 Qd3 91. Qc7+ Kd1 92. Qc6 Qe2+ 93. Kg5 Qe3+ 94. Kg4 Ke2 95. Qc4+ Kf2 96. Qc2 Qe2+ 0-1

[Event "SVK-chT3B2 1516"]
[Site "Slovakia"]
[Date "2016.04.03"]
[Round "11.2"]
[White "Kucharek, Jaroslav"]
[Black "Krcmar, Milan"]
[Result "1/2-1/2"]
[WhiteElo "2072"]
[BlackElo "1986"]
[PlyCount "71"]
[EventDate "2015.10.11"]
[EventType "team-tourn"]
[EventRounds "11"]
[EventCountry "SVK"]
[SourceTitle "EXT 2018"]
[Source "ChessBase"]
[SourceDate "2017.10.13"]
[SourceVersion "1"]
[SourceVersionDate "2017.10.13"]
[SourceQuality "1"]
[WhiteTeam "Myjava Spartak"]
[BlackTeam "Nemsova Horne Srnie"]
[WhiteTeamCountry "SVK"]
[BlackTeamCountry "SVK"]

1. e4 g6 2. d4 Bg7 3. Nc3 c6 4. Nf3 d5 5. e5 Bf5 6. Bd3 Qd7 7. Bf4 Na6 8. a3 Nc7 9. h3 h5 10. Qd2 Nh6 11. 0-0-0 Ne6 12. Be3 Bxd3 13. Qxd3 Nf5 14. Bd2 h4 15. Kb1 b5 16. Bc1 a5 17. b3 Qa7 18. a4 b4 19. Ne2 Bh6 20. g4 hxg3 21. fxg3 Bxc1 22. Rxc1 Qa6 23. g4 Qxd3 24. cxd3 Ne3 25. Rh2 c5 26. dxc5 d4 27. Nexd4 Nxd4 28. Nxd4 Nxg4 29. Rd2 Rxh3 30. Nb5 0-0-0 31. Rcd1 Ne3 32. Rc1 Nd5 33. Kb2 Nf4 34. Rf1 Nxd3+ 35. Kc2 Nxe5 36. Na7+ 1/2-1/2

[Event "SVK-chT3B2 1516"]
[Site "Slovakia"]
[Date "2015.11.15"]
[Round "2.1"]
[White "Solik, Rudolf1111"]
[Black "Kucharek, Jaroslav"]
[Result "0-1"]
[WhiteElo "1724"]
[BlackElo "2081"]
[PlyCount "112"]
[EventDate "2015.10.11"]
[EventType "team-tourn"]
[EventRounds "11"]
[EventCountry "SVK"]
[SourceTitle "CBM 170 Extra"]
[Source "ChessBase"]
[SourceDate "2016.02.25"]
[SourceVersion "1"]
[SourceVersionDate "2016.02.25"]
[SourceQuality "1"]
[WhiteTeam "Dubnica nad Vahom IV"]
[BlackTeam "Myjava Spartak"]
[WhiteTeamCountry "SVK"]
[BlackTeamCountry "SVK"]

1. d4 d5 2. Bg5 Qd6 3. c3 Bf5 4. Nf3 Nd7 5. e3 f6 6. Bf4 e5 7. dxe5 Nxe5 8. Nd4 Bd7 9. Be2 0-0-0 10. Nd2 h5 11. h4 c5 12. N4b3 Bf5 13. Nf1 Qb6 14. Ng3 Bg6 15. Qd2 Nc4 16. Qc1 Bd6 17. Bxd6 Rxd6 18. 0-0 Ne7 19. Rd1 Ne5 20. Bf1 Kb8 21. Be2 Nf5 22. Nxf5 Bxf5 23. Rd2 g6 24. Qf1 Rhd8 25. Rad1 a5 26. Nc1 c4 27. b3 Be6 28. Rd4 Qc5 29. bxc4 dxc4 30. Rxd6 Rxd6 31. Rxd6 Qxd6 32. Qd1 Qxd1+ 33. Bxd1 b5 34. Bc2 Bf7 35. a3 Kc7 36. f4 Ng4 37. e4 Kd6 38. Bd1 Ne3 39. Bf3 a4 40. Na2 Nc2 41. Kf1 Nxa3 42. Ke1 Nc2+ 43. Kd2 Na1 44. Kd1 Nb3 45. Ke2 Nc5 46. Ke3 a3 47. Kd2 Na6 48. Nc1 Kc5 49. g4 b4 50. cxb4+ Nxb4 51. f5 hxg4 52. Bxg4 a2 53. Nxa2 Nxa2 54. Bf3 c3+ 55. Kc2 Kb4 56. fxg6 Bb3+ 0-1

[Event "SVK-chT3A2 1415"]
[Site "Slovakia"]
[Date "2015.02.08"]
[Round "8.3"]
[White "Kucharek, Jaroslav"]
[Black "Kavon, Rastislav"]
[Result "1/2-1/2"]
[WhiteElo "2067"]
[BlackElo "2153"]
[PlyCount "81"]
[EventDate "2014.10.19"]
[EventType "team-tourn"]
[EventRounds "11"]
[EventCountry "SVK"]
[SourceTitle "EXT 2019"]
[Source "ChessBase"]
[SourceDate "2018.10.10"]
[SourceVersion "1"]
[SourceVersionDate "2018.10.10"]
[SourceQuality "1"]

1. d4 Nf6 2. c4 g6 3. Nc3 Bg7 4. e4 d6 5. f3 0-0 6. Bg5 c6 7. Qd2 Nbd7 8. Nge2 Rb8 9. Nc1 a6 10. a4 b6 11. Be2 c5 12. d5 Ne8 13. Nb3 Nc7 14. 0-0 Nf6 15. Rad1 Bd7 16. Nc1 Nfe8 17. f4 b5 18. axb5 axb5 19. b3 bxc4 20. bxc4 Na6 21. Nb5 Nb4 22. Na2 Nxa2 23. Qxa2 Bxb5 24. cxb5 Nc7 25. Rb1 Na8 26. Bf3 Qc7 27. Bh4 Nb6 28. Bg3 Ra8 29. Qc2 Ra7 30. e5 Rfa8 31. Rfe1 Ra4 32. h4 Rd4 33. Rbd1 Rb4 34. Rb1 Rd4 35. Rbd1 Rda4 36. Rb1 Bh6 37. f5 Bg7 38. fxg6 fxg6 39. exd6 exd6 40. Re6 Rd8 41. Qe2 1/2-1/2

[Event "SVK-chT3B2 1415"]
[Site "Slovakia"]
[Date "2014.12.14"]
[Round "4.4"]
[White "Danko, Frantisek"]
[Black "Kucharek, Jaroslav"]
[Result "0-1"]
[WhiteElo "1831"]
[BlackElo "2067"]
[PlyCount "88"]
[EventDate "2014.10.05"]
[EventType "team-tourn"]
[EventRounds "14"]
[EventCountry "SVK"]
[SourceTitle "EXT 2019"]
[Source "ChessBase"]
[SourceDate "2018.10.10"]
[SourceVersion "1"]
[SourceVersionDate "2018.10.10"]
[SourceQuality "1"]

1. e4 e5 2. Nf3 d6 3. d4 Nd7 4. Bc4 c6 5. 0-0 Be7 6. a4 Qc7 7. dxe5 dxe5 8. c3 Nf8 9. b4 Be6 10. Qb3 Bxc4 11. Qxc4 Ne6 12. a5 Bf6 13. Be3 Ne7 14. Nbd2 0-0 15. Nb3 b6 16. axb6 axb6 17. Rxa8 Rxa8 18. Ra1 Rxa1+ 19. Nxa1 h6 20. Nb3 Nc8 21. Nfd2 Kh7 22. g3 Qd7 23. Qe2 Bg5 24. Nc4 Qc7 25. Bxg5 Nxg5 26. h4 b5 27. Ncd2 Ne6 28. Qe3 Qd6 29. Nc1 c5 30. bxc5 Nxc5 31. f3 Nb6 32. Kf2 Nba4 33. Ke2 Nb2 34. Kf1 Nd1 35. Qe1 Nxc3 36. Nc4 Qd4 37. Ne3 Nd3 38. Nxd3 Qxd3+ 39. Kf2 b4 40. Nd5 Nd1+ 41. Kg2 b3 42. Nb4 Qd4 43. Nc6 Qf2+ 44. Qxf2 Nxf2 0-1

[Event "SVK-chT3A2 1415"]
[Site "Slovakia"]
[Date "2014.11.16"]
[Round "3.2"]
[White "Skreno, Vladimir"]
[Black "Kucharek, Jaroslav"]
[Result "1-0"]
[WhiteElo "2244"]
[BlackElo "2067"]
[PlyCount "73"]
[EventDate "2014.10.19"]
[EventType "team-tourn"]
[EventRounds "11"]
[EventCountry "SVK"]
[SourceTitle "EXT 2019"]
[Source "ChessBase"]
[SourceDate "2018.10.10"]
[SourceVersion "1"]
[SourceVersionDate "2018.10.10"]
[SourceQuality "1"]

1. d4 Nf6 2. Nf3 d6 3. c4 g6 4. Nc3 Bg7 5. e4 0-0 6. Be2 Nbd7 7. 0-0 e5 8. Re1 c6 9. Bf1 Re8 10. d5 cxd5 11. cxd5 a6 12. b4 Nh5 13. Qb3 f5 14. Ng5 Nf8 15. a4 h6 16. Nf3 g5 17. exf5 e4 18. Nd2 e3 19. Rxe3 Rxe3 20. fxe3 Bxf5 21. Bb2 Qe7 22. Re1 Ng6 23. Nd1 Ne5 24. e4 Bg6 25. Ne3 Rf8 26. Bxe5 Bxe5 27. Qc4 Bxh2+ 28. Kxh2 Qe5+ 29. Kg1 Qg3 30. Re2 Nf4 31. Nf5 Bxf5 32. exf5 Nxe2+ 33. Qxe2 Rxf5 34. Qe6+ Rf7 35. Qg6+ Rg7 36. Qe8+ Kh7 37. Nf3 1-0

[Event "SVK-chT3B2 1415"]
[Site "Slovakia"]
[Date "2014.10.05"]
[Round "1.2"]
[White "Jurik, Karol"]
[Black "Kucharek, Jaroslav"]
[Result "0-1"]
[WhiteElo "1928"]
[BlackElo "2067"]
[PlyCount "56"]
[EventDate "2014.10.05"]
[EventType "team-tourn"]
[EventRounds "14"]
[EventCountry "SVK"]
[SourceTitle "EXT 2019"]
[Source "ChessBase"]
[SourceDate "2018.10.10"]
[SourceVersion "1"]
[SourceVersionDate "2018.10.10"]
[SourceQuality "1"]

1. c4 e5 2. Nc3 Nf6 3. g3 Bb4 4. Bg2 0-0 5. Nf3 Re8 6. 0-0 e4 7. Nd4 Nc6 8. Nc2 Bc5 9. Na4 d6 10. Nxc5 dxc5 11. b3 Nd4 12. Bb2 Bg4 13. Nxd4 cxd4 14. f3 Bh5 15. fxe4 Nxe4 16. Bf3 Bxf3 17. Rxf3 c5 18. Rd3 Qg5 19. Kg2 Re6 20. Rf3 Rae8 21. d3 Nc3 22. Bxc3 Rxe2+ 23. Rf2 Rxf2+ 24. Kxf2 Qe3+ 25. Kg2 dxc3 26. Rc1 Qe2+ 27. Qxe2 Rxe2+ 28. Kg1 c2 0-1

[Event "SVK-chT3A2 1314"]
[Site "Slovakia"]
[Date "2014.01.11"]
[Round "6.4"]
[White "Husek, Lubomir"]
[Black "Kucharek, Jaroslav"]
[Result "0-1"]
[WhiteElo "1829"]
[BlackElo "2074"]
[PlyCount "112"]
[EventDate "2013.10.13"]
[EventType "team-tourn"]
[EventRounds "11"]
[EventCountry "SVK"]
[SourceTitle "EXT 2015"]
[Source "ChessBase"]
[SourceDate "2014.11.20"]
[SourceVersion "1"]
[SourceVersionDate "2014.11.20"]
[SourceQuality "1"]
[WhiteTeam "Holic"]
[BlackTeam "Trnava Modranka"]
[WhiteTeamCountry "SVK"]
[BlackTeamCountry "SVK"]

1. e4 e5 2. Nf3 Nc6 3. Bc4 Be7 4. Nc3 Nf6 5. d3 d6 6. h3 Na5 7. Bb3 Nxb3 8. axb3 c6 9. 0-0 0-0 10. Qe2 Qc7 11. d4 Be6 12. dxe5 dxe5 13. Be3 b6 14. Ng5 Bd7 15. Rfd1 h6 16. Nf3 Be6 17. Ra6 Bc8 18. Raa1 a5 19. Nd2 Ba6 20. Qf3 b5 21. Nf1 Rad8 22. Ng3 Bc8 23. Nf5 Bxf5 24. Qxf5 g6 25. Qf3 Kg7 26. Kh2 Rxd1 27. Rxd1 Rd8 28. Re1 Nh7 29. Qg3 Bd6 30. Qh4 h5 31. g4 Be7 32. g5 f6 33. gxf6+ Bxf6 34. Qg3 g5 35. Rg1 Kf8 36. Qf3 Qf7 37. Bb6 Rd2 38. Qf5 Bd8 39. Qxf7+ Kxf7 40. Bxd8 Rxd8 41. Rd1 Rxd1 42. Nxd1 Nf6 43. f3 h4 44. Kg2 Nh5 45. Nf2 Nf4+ 46. Kf1 Ke6 47. Ke1 Kd6 48. Kd2 c5 49. Ke3 c4 50. bxc4 bxc4 51. c3 Kc5 52. Kd2 Kb5 53. Kc2 Ka4 54. Ng4 Nxh3 55. Nxe5 Nf2 56. Nxc4 h3 0-1

[Event "SVK-chT3A2 1314"]
[Site "Slovakia"]
[Date "2013.12.15"]
[Round "5.3"]
[White "Bahna, Jan"]
[Black "Kucharek, Jaroslav"]
[Result "1/2-1/2"]
[WhiteElo "1951"]
[BlackElo "2074"]
[PlyCount "106"]
[EventDate "2013.10.13"]
[EventType "team-tourn"]
[EventRounds "11"]
[EventCountry "SVK"]
[SourceTitle "EXT 2015"]
[Source "ChessBase"]
[SourceDate "2014.11.20"]
[SourceVersion "1"]
[SourceVersionDate "2014.11.20"]
[SourceQuality "1"]
[WhiteTeam "Trnava Lokomotiva III"]
[BlackTeam "Trnava Modranka"]
[WhiteTeamCountry "SVK"]
[BlackTeamCountry "SVK"]

1. e4 e5 2. Nf3 Nc6 3. Bb5 a6 4. Ba4 Nf6 5. 0-0 Be7 6. Re1 b5 7. Bb3 d6 8. c3 0-0 9. h3 Nb8 10. d4 Nbd7 11. Nbd2 Bb7 12. Bc2 Re8 13. Nf1 Bf8 14. Ng3 g6 15. Bd2 c5 16. d5 Nb6 17. b3 Qc7 18. Qc1 Bg7 19. Bh6 Bh8 20. Nh4 Nfd7 21. Re3 f6 22. Rf3 Kf7 23. Qd2 Rg8 24. Rf1 Nf8 25. Bxf8 Raxf8 26. Qh6 Ke8 27. Re3 Qg7 28. Qxg7 Bxg7 29. Ne2 Kd8 30. g4 Bh6 31. Rg3 Kc7 32. Nf3 Bc8 33. h4 Bf4 34. Nxf4 exf4 35. Rg2 f5 36. gxf5 gxf5 37. Rxg8 Rxg8+ 38. Kh2 fxe4 39. Bxe4 h6 40. Rg1 Rxg1 41. Nxg1 Bb7 42. Ne2 Nxd5 43. Bxd5 Bxd5 44. Nxf4 Bf7 45. Kg3 Kd7 46. Kg4 Ke7 47. Kf5 a5 48. h5 c4 49. bxc4 Bxc4 50. a3 Kf7 51. f3 a4 52. Ng2 Bd3+ 53. Kf4 Ke6 1/2-1/2

[Event "SVK-chT3A2 1314"]
[Site "Slovakia"]
[Date "2013.11.10"]
[Round "3.2"]
[White "Drgon, Matus"]
[Black "Kucharek, Jaroslav"]
[Result "0-1"]
[WhiteElo "1712"]
[BlackElo "2074"]
[PlyCount "78"]
[EventDate "2013.10.13"]
[EventType "team-tourn"]
[EventRounds "11"]
[EventCountry "SVK"]
[SourceTitle "EXT 2015"]
[Source "ChessBase"]
[SourceDate "2014.11.20"]
[SourceVersion "1"]
[SourceVersionDate "2014.11.20"]
[SourceQuality "1"]
[WhiteTeam "Hlohovec"]
[BlackTeam "Trnava Modranka"]
[WhiteTeamCountry "SVK"]
[BlackTeamCountry "SVK"]

1. d4 Nf6 2. c4 g6 3. Nc3 Bg7 4. f3 0-0 5. e4 d6 6. Be3 b6 7. Qd2 c5 8. d5 Nbd7 9. 0-0-0 a6 10. g4 Ne5 11. h4 b5 12. h5 Qa5 13. a3 Bd7 14. hxg6 fxg6 15. Bh6 Rf7 16. Bxg7 Rxg7 17. Be2 Rb8 18. Nh3 b4 19. Nb1 Qa4 20. Rdg1 Qb3 21. Qc2 bxa3 22. Nxa3 Nxf3 23. Rg3 Qxc2+ 24. Nxc2 Ne5 25. Nf2 Rf7 26. Rh2 Rbf8 27. Rgg2 g5 28. Ne1 Kg7 29. Kc2 h6 30. Ned3 Nxc4 31. Nd1 Nb6 32. Nc3 c4 33. Nb4 Na4 34. Nxa6 Nxc3 35. Kxc3 Nxe4+ 36. Kxc4 Rf4 37. Kb3 Nf6 38. Nc7 Rb8+ 39. Ka3 Ra4# 0-1

[Event "SVK-chT2B 1213"]
[Site "Slovakia"]
[Date "2013.03.17"]
[Round "11.3"]
[White "Kucharek, Jaroslav"]
[Black "Dlhy, Jozef"]
[Result "1-0"]
[WhiteElo "2009"]
[BlackElo "2050"]
[PlyCount "73"]
[EventDate "2012.10.13"]
[EventType "team-tourn"]
[EventRounds "11"]
[EventCountry "SVK"]
[SourceTitle "EXT 2015"]
[Source "ChessBase"]
[SourceDate "2014.11.20"]
[SourceVersion "1"]
[SourceVersionDate "2014.11.20"]
[SourceQuality "1"]
[WhiteTeam "Myjava Spartak"]
[BlackTeam "Nitra II"]
[WhiteTeamCountry "SVK"]
[BlackTeamCountry "SVK"]

1. e4 c6 2. d4 d5 3. e5 Bf5 4. Nf3 e6 5. Be2 Nd7 6. 0-0 Ne7 7. Re1 c5 8. c3 Nc6 9. a3 Be7 10. b4 cxb4 11. cxb4 0-0 12. Bb2 a6 13. Nbd2 b5 14. Rc1 Qb6 15. Nb3 Rfc8 16. Qd2 Qd8 17. Nc5 Nb6 18. Red1 Nc4 19. Bxc4 bxc4 20. Bc3 Qc7 21. Qf4 Rcb8 22. g4 Bg6 23. h4 h5 24. Kh2 a5 25. Rg1 axb4 26. axb4 Bf8 27. gxh5 Bxh5 28. Ng5 Nxb4 29. Nh3 Qe7 30. Rg5 Bg6 31. Bxb4 Rxb4 32. Rcg1 Ra3 33. Qg4 Rb6 34. Nf4 Ra7 35. h5 f6 36. Rxg6 fxe5 37. Nfxe6 1-0